000 00395nam a22001697a 4500
003 MPLRDC
005 20220104113622.0
008 210129b ||||| |||| 00| 0 eng d
082 _a857.621 NK v.2
100 _a倪匡
245 _a地底奇人
_c
260 _a
_b明窗出版社
_c1989
300 _b
490 _a科幻系列. 2
650 _a科幻小说
942 _cBK
_o857.621 NK v.2
999 _c1044
_d1034